Issues of Indian Economy: (Record no. 196859)

MARC details
000 -LEADER
fixed length control field 00821nam a2200205 4500
005 - DATE AND TIME OF LATEST TRANSACTION
control field 20230921122848.0
010 ## - LCCN (DPL NO)
LC control number ENG-137681
020 ## - INTERNATIONAL STANDARD BOOK NUMBER
International Standard Book Number 978939080494
Terms of availability 200.00
035 ## - SYSTEM CONTROL NUMBER
System control number EN-121212
037 ## - SOURCE OF ACQUISITION
Source of stock number/acquisition DBAD/PUB
082 ## - DEWEY DECIMAL CLASSIFICATION NUMBER
Classification number 330.954
100 ## - MAIN ENTRY--PERSONAL NAME
Personal name Gupta .S.K.
245 ## - TITLE STATEMENT
Title Issues of Indian Economy:
Remainder of title As per new Syllabus of Rajiv Gandhi University For B.A. (Hons.) Economics semester-IV/
Statement of responsibility, etc By S.K.Gupta ,D.D. Chaturvedi & Noopur Saxena
260 ## - PUBLICATION, DISTRIBUTION, ETC. (IMPRINT)
Place of publication, distribution, etc 4655\21 ,Ansari Road (G.F.) Daryaganj, New Delhi-110002
Name of publisher, distributor, etc Kitab Mahal Publishers
Date of publication, distribution, etc 2023
270 ## - ADDRESS
Address A-403 Raj Niwas Residency , 22-A ,Sarojini Naidu Marg
City Allahabad
Postal code 211001
Telephone number 7355431617 , 9350075776
300 ## - PHYSICAL DESCRIPTION
Extent 294p.
Dimensions 21cm(pbk)
700 ## - ADDED ENTRY--PERSONAL NAME
Personal name Chaturvedi,D.D.
9 (RLIN) 57264
700 ## - ADDED ENTRY--PERSONAL NAME
Personal name Saxena,Noopur
9 (RLIN) 57265
942 ## - ADDED ENTRY ELEMENTS (KOHA)
Source of classification or shelving scheme Dewey Decimal Classification
Item type English Books
Call number suffix GUP
Classification part 330.954
Holdings
Withdrawn status Lost status Not for loan Collection code Home library Current library Date acquired Source of acquisition Cost, normal purchase price Full call number Barcode Copy number Cost, replacement price Koha item type
      Non-fiction D.B.Act.Division Mobile Library 04/08/2023 DBAD/PUB 290.00 330.954 GUP EN-121212 1 290.00 English Books

© Delhi Public Library
Hit Counter
free hit counter